00839 2200241 4500001002100000005001500021035002000036007000300056008004100059040001700100082001400117084001600131090001800147245020500165260006400370300002400434850001200458041000800470110002300478651003300501710004500534990001800579INLIS00000000084400620190110012627 a0010-0119000373ta190110 1968 jki f ind d aYOPDYOGbind04223a330.9 a330.9 IND p aL 330.9 IND p0 aPidato pendjelasan presiden Soeharto tentang keadaan keuangan dan perekonomian negara dewasa ini dan langkah-langkah jang harus dilakukan untuk mengatasinja /cDepartemen Penerangan Republik Indonesia aDjakarta :bDepartemen Penerangan Republik Indonesia,c1968 a24 halaman ;c21 cm aYOPDYOG0 aind2 aIndonesia.Presiden 4aIndonesia--xKeadaan ekonomi2 aDepartemen Penerangan Republik Indonesia a36781-PD/A.08